000 00257nam a22001217a 4500
008 171013b xxu||||| |||| 00| 0 eng d
041 _aeng
080 _a316
100 _a50
101 _aSOC
245 _aMAN AND SYSTEM
_cHOLBERT.H
942 _2udc
_cBK
999 _c33561
_d33561